Mini Memory Game Quiz Stats

 Plays Quiz Updated Feb 8, 2017

Support Sporcle.
Go Orange.
Score 0/7 Timer 01:00
0 Plays Today
Question Answer Wrong Answers
Press the button in the 2nd position ???
100%
???
0%
???
0%
???
0%
Press the button labeled 3 ???
96.7%
???
0.2%
???
2.1%
???
0.9%
Press the button in the 1st position ???
95.2%
???
1.1%
???
0.1%
???
0.2%
Press the button in the same position as you pressed in stage 2 ???
70.7%
???
3.1%
???
14.1%
???
7.2%
Press the button with the same label as you pressed in the stage 1 ???
27.1%
???
8.8%
???
30.9%
???
3.9%
Press the button with the same label as you pressed in stage 2 ???
19.4%
???
3.2%
???
2.4%
???
2.1%
The label of stage 3 + The label of stage 4= ? ???
8.1%
???
1.1%
???
2.9%
???
7%

You're not logged in!

Compare scores with friends on all Sporcle quizzes.
OR
Log In
Forgot?

From the Vault

'T' Movie Characters

by druhutch

So when are they going to make a biopic about Tyrion Lannister?
Remove Ads.
Support Sporcle.
Get the best of Sporcle when you Go Orange. This ad-free experience offers more features, more stats, and more fun while also helping to support Sporcle. Thank you for becoming a member.

Show Comments

Extras

Top Quizzes Today


Score Distribution

Your Account Isn't Verified!

In order to create a playlist on Sporcle, you need to verify the email address you used during registration. Go to your Sporcle Settings to finish the process.

Report this User

Report this user for behavior that violates our Community Guidelines.

Details: